[Event "World Blitz 2016"]
[Site "Doha QAT"]
[Date "2016.12.30"]
[Round "13.15"]
[White "Riazantsev,A"]
[Black "Wei Yi"]
[Result "1/2-1/2"]
[WhiteElo "2671"]
[BlackElo "2707"]

1.d4 Nf6 2.c4 g6 3.Nc3 d5 4.Nf3 Bg7 5.h4 c5 6.cxd5 cxd4 7.Nxd4 Nxd5 8.h5 Nxc3
9.bxc3 Nc6 10.hxg6 hxg6 11.Rxh8+ Bxh8 12.e3 Qa5 13.Bd2 Bd7 14.Qb3 Qb6 15.Be2 Nxd4
16.cxd4 Bc6 17.Bf3 Bxf3 18.gxf3 Qxb3 19.axb3 e5 20.dxe5 Bxe5 21.Ra5 Bd6 22.Ke2 Kd7
23.f4 Kc6 24.f5 b6 25.Ra4 gxf5 26.Rh4 f4 27.e4 Re8 28.Kd3 Rd8 29.Kc2 Re8
30.Kd3 Rd8 31.Kc2 Re8 32.Kd3 Rd8 33.Kc2 Be7 34.Rh6+ Kb5 35.Bxf4 Rc8+ 36.Kb2 Bc5
37.Rh5 Kc6 38.Rh6+ Kd7 39.Be5 Bxf2 40.Rf6 Bc5 41.Bc3 Ke7 42.e5 Rd8 43.Kc2 Bd4
44.Rc6 Bxc3 45.Kxc3 Kd7 46.Rd6+ Ke7 47.Rc6 Kd7 48.Rd6+ Ke8 49.Rc6 Rd7 50.e6 fxe6
51.Rxe6+ Kd8 52.b4 Kc7 53.Rh6 Kb7 54.Kc4 Ka6 55.Rh5 Rc7+ 56.Kb3 Rg7 57.Rf5 Kb7
58.Rh5 Kc6 59.Rh6+ Kd5 60.Rh5+ Kd4 61.Rh4+ Kd5 62.Rh5+ Kc6 63.Rh6+ Kb7 64.Rh5 Rd7
65.Rg5 Kc6 66.Kc4 Rd6 67.Rh5 a6 68.Rg5 Rf6 69.Rh5 Rf4+ 70.Kc3 Re4 71.Rg5 Kd6
72.Rg6+ Re6 73.Rg5 Re3+ 74.Kd4 Re1 75.Rg6+ Kc7 76.Kc4 Rc1+ 77.Kb3 Rd1 78.Kc4 Rd6
79.Rg7+ Kc6 80.Rg5 Rf6 81.Rh5 Rd6  1/2-1/2

[Event "World Blitz 2016"]
[Site "Doha QAT"]
[Date "2016.12.30"]
[Round "14.17"]
[White "Malakhov,V"]
[Black "Wei Yi"]
[Result "1/2-1/2"]
[WhiteElo "2713"]
[BlackElo "2707"]

1.e4 c5 2.Nf3 d6 3.d4 cxd4 4.Qxd4 Nf6 5.Bb5+ Bd7 6.c4 g6 7.O-O Bg7 8.Nc3 O-O
9.Qd3 Bg4 10.h3 a6 11.hxg4 axb5 12.g5 bxc4 13.Qxc4 Nfd7 14.Be3 Nc6 15.Qb5 Qb8
16.Nd5 e6 17.Nb6 Rd8 18.Nxa8 Qxa8 19.Rfd1 Ndb8 20.a3 Na6 21.Rac1 Nc7 22.Qb6 Rd7
23.Nd4 Bxd4 24.Bxd4 Qa4 25.b3 Qa8 26.Bf6 e5 27.Rc4 Ne6 28.Rxc6 bxc6 29.Bxe5 Rb7
30.Qxc6 dxe5 31.Rd5 Qb8 32.b4 Nxg5 33.Ra5 Kg7 34.b5 Rc7 35.Qd5 Ne6 36.Qxe5+ f6
37.Qb2 Qc8 38.b6 Rb7 39.Ra7 Qc6 40.Rxb7+ Qxb7 41.a4 Nc5 42.a5 Qxe4 43.Qb5 Qe1+
44.Kh2 Qxf2 45.b7 Qh4+ 46.Kg1 Qe1+ 47.Kh2 Qh4+ 48.Kg1 Qd4+ 49.Kh2 Qe5+ 50.Kg1 Qe1+
51.Kh2 Qe5+ 52.Kg1 Qe3+ 53.Kh2 Qf4+ 54.Kg1 Qd4+ 55.Kh2 Qh4+ 56.Kg1 Qe1+ 57.Kh2 Qh4+  1/2-1/2

[Event "World Blitz 2016"]
[Site "Doha QAT"]
[Date "2016.12.30"]
[Round "15.15"]
[White "Wei Yi"]
[Black "Bortnyk,Olexandr"]
[Result "1-0"]
[WhiteElo "2707"]
[BlackElo "2581"]

1.d4 d6 2.e4 Nf6 3.Nc3 Nbd7 4.Nf3 e5 5.Bc4 Be7 6.O-O O-O 7.a4 a5 8.Re1 b6
9.h3 Bb7 10.Ba2 c6 11.Bg5 Re8 12.Bxf6 Bxf6 13.d5 c5 14.Bc4 g6 15.Bb5 Rc8
16.Nd2 Rf8 17.Ra3 Nb8 18.Rb3 Na6 19.Nc4 Nb4 20.Nb1 Rb8 21.Qe2 Bg5 22.Ne3 Bxe3
23.Rxe3 Ra8 24.Na3 Na6 25.Nc4 Nb8 26.Rf1 Qc7 27.f4 exf4 28.Rxf4 Na6 29.e5 dxe5
30.Rxe5 Nb4 31.d6 Qd8 32.Re7 Nd5 33.Rf2 Rb8 34.c3 Ba8 35.Re5 Qh4 36.Qd2 Nf6
37.Rf4 Qh6 38.Rxf6 Qg7 39.Qf4 Rbd8 40.d7 h6 41.Re8 Bd5 42.Nxb6 Be6 43.Rfxe6 fxe6
44.Qxf8+ Qxf8 45.Rxf8+ Kxf8 46.Nc4 Ke7 47.Nxa5 Kf6 48.Nb7  1-0

[Event "World Blitz 2016"]
[Site "Doha QAT"]
[Date "2016.12.30"]
[Round "16.10"]
[White "Jobava,Ba"]
[Black "Wei Yi"]
[Result "1-0"]
[WhiteElo "2702"]
[BlackElo "2707"]

1.d4 Nf6 2.Nc3 d5 3.Bf4 e6 4.Nb5 Na6 5.a3 Be7 6.e3 O-O 7.Nf3 Ne4 8.Nd2 f5
9.Nxe4 fxe4 10.Be2 c6 11.Nc3 Nc7 12.O-O Bd6 13.Bxd6 Qxd6 14.f3 exf3 15.Bxf3 e5
16.Qd2 Bf5 17.Rae1 Rae8 18.Bh5 Rd8 19.Ne2 exd4 20.exd4 Bg6 21.Bxg6 Qxg6 22.Nf4 Qd6
23.c3 Rde8 24.Nd3 Rxf1+ 25.Rxf1 Rf8 26.Re1 Ne8 27.Nc5 b6 28.Ne6 Rf7 29.Ng5 Re7
30.Rxe7 Qxe7 31.Nf3 Nf6 32.Qf4 h6 33.Ne5 c5 34.Qf5 cxd4 35.cxd4 Ne4 36.Ng6 Qf7
37.Qxd5 Qxd5 38.Ne7+ Kf7 39.Nxd5 Nd2 40.Ne3 Nb3 41.Nc2 Nd2 42.Kf2 Ke6 43.Ke2 Nc4
44.b3 Na5 45.b4 Nc4 46.a4 a5 47.Kd3 Nd6 48.bxa5 bxa5 49.Ne3 Nc8 50.Kc4 Nd6+
51.Kc5 Ne4+ 52.Kb5 Nd2 53.d5+ Ke5 54.Nc4+ Kxd5  1-0

[Event "World Blitz 2016"]
[Site "Doha QAT"]
[Date "2016.12.30"]
[Round "17.19"]
[White "Wei Yi"]
[Black "Adly,A"]
[Result "1-0"]
[WhiteElo "2707"]
[BlackElo "2599"]

1.d4 d5 2.Bf4 Nf6 3.e3 e6 4.Nd2 Bd6 5.Bg3 b6 6.c3 Bb7 7.Bd3 Nbd7 8.Ngf3 Ne4
9.Qc2 f5 10.c4 O-O 11.cxd5 exd5 12.Rc1 Nxg3 13.hxg3 g6 14.g4 c5 15.gxf5 c4
16.Bxc4 dxc4 17.fxg6 Nf6 18.gxh7+ Kh8 19.Nh4 Qd7 20.Ng6+ Kg7 21.Nxf8 Rxf8
22.h8=Q+ Rxh8 23.Rxh8 Kxh8 24.Qg6 Qe7 25.Ke2 Ba6 26.Rh1+ Nh7 27.Kd1 Bb7 28.Nxc4 Bb4
29.Ne5 Bd5 30.Qc2 Qg7 31.Qc8+ Bg8 32.Qf5 Qe7 33.Ng6+ Kg7 34.Nxe7 Bxe7 35.Qe5+ Bf6
36.Qc7+ Kg6 37.Qxa7 Ng5 38.Qxb6 Ne4 39.Kc2 Bd5 40.a3 Nxf2 41.Qxf6+ Kxf6 42.Rf1 Be4+
43.Kc3 Ke6 44.Rxf2 Bd5 45.e4 Bxe4  1-0

[Event "World Blitz 2016"]
[Site "Doha QAT"]
[Date "2016.12.30"]
[Round "19.15"]
[White "Wei Yi"]
[Black "Aronian,L"]
[Result "1-0"]
[WhiteElo "2707"]
[BlackElo "2785"]

1.d4 Nf6 2.Bf4 d5 3.e3 c5 4.Nd2 Nc6 5.c3 e6 6.Ngf3 Be7 7.h3 Bd6 8.dxc5 Bxc5
9.Bd3 Bd6 10.Bxd6 Qxd6 11.e4 e5 12.O-O O-O 13.exd5 Qxd5 14.Qc2 Rd8 15.Bc4 Qd6
16.Rad1 Be6 17.Ne4 Qe7 18.Bxe6 Qxe6 19.Nfg5 Qxa2 20.Nxf6+ gxf6 21.Qxh7+ Kf8
22.Ra1 Qd5 23.c4 Qxc4 24.Rac1 Qa2 25.Ne4 Ke7 26.Qh4 Qe6 27.Nc5 Qd5 28.Kh2 Rg8
29.Ne4 Rg6 30.Rfd1 Nd4 31.Rc7+ Kd8 32.Rdc1 Nc6 33.Rxb7 Ne7 34.Rcc7 Ng8 35.Rd7+ Qxd7
36.Rxd7+ Kxd7 37.Nc5+ Ke8 38.Qe4 Rc8 39.b4 Kf8 40.Qb7 Ne7 41.Qxa7 f5 42.Nd7+ Kg7
43.Nxe5 Re6 44.Qd4 Kg8 45.Nd7 Nc6 46.Nf6+ Kf8 47.Qc5+ Ne7 48.Qd4 Nc6 49.Qh4 Ke7
50.Ne4+ Ke8 51.Qh8+ Kd7 52.Nc5+  1-0

[Event "World Blitz 2016"]
[Site "Doha QAT"]
[Date "2016.12.30"]
[Round "21.12"]
[White "Wei Yi"]
[Black "Tomashevsky,E"]
[Result "1-0"]
[WhiteElo "2707"]
[BlackElo "2716"]

1.d4 Nf6 2.Bf4 g6 3.Nc3 d5 4.e3 Bg7 5.h4 c6 6.h5 Nxh5 7.Rxh5 gxh5 8.Qxh5 Nd7
9.Qh2 Nf6 10.Bd3 Bg4 11.Be5 Qd7 12.Qf4 Nh5 13.Qh2 Bxe5 14.dxe5 Ng7 15.Qh6 Rg8
16.Nf3 Bf5 17.O-O-O Qe6 18.Qf4 Bxd3 19.Rxd3 Qf5 20.Qb4 Qc8 21.e4 a5 22.Qb3 Ne6
23.exd5 Nc5 24.Qc4 Nxd3+ 25.Qxd3 cxd5 26.Nxd5 Qc6 27.Qxh7 Rf8 28.Qe4 Rd8
29.c4 Rg8 30.g3 Rxd5 31.Qxd5 Rg4 32.Qxc6+ bxc6 33.b3 Kd7 34.Kd2 Rg8 35.Kc3 Rh8
36.Kd4 Rh1 37.Ng5 Ra1 38.a4 f6 39.exf6 exf6 40.Ne4 f5 41.Nc5+ Kc7 42.Ke5 Ra2
43.f4 Rg2 44.Kxf5 Rxg3 45.Ke5 Kb6 46.Nd7+ Kc7 47.Nc5 Kb6 48.Nd7+ Kc7 49.Nc5 Kb6
50.Nd7+ Kc7 51.Nc5 Kb6 52.Ne6 Re3+ 53.Kd6 Rd3+ 54.Ke7 Rf3 55.Kd6 Rd3+ 56.Ke5 Re3+
57.Kd6 Rd3+ 58.Ke7 Rf3 59.c5+ Kb7 60.Kd6 Rd3+ 61.Ke5 Re3+ 62.Kd6 Rd3+ 63.Ke7 Rf3
64.Kd7 Rd3+ 65.Ke7 Rf3 66.Kf6 Rxb3 67.f5 Ra3 68.Ke5 Rxa4 69.f6 Ra1 70.f7 Re1+
71.Kf5  1-0

[Event "79th Tata Steel GpA"]
[Site "Wijk aan Zee NED"]
[Date "2017.01.14"]
[Round "1.7"]
[White "Andreikin,D"]
[Black "Wei Yi"]
[Result "1/2-1/2"]
[WhiteElo "2736"]
[BlackElo "2706"]

1.e4 e5 2.Nf3 Nf6 3.Nxe5 d6 4.Nf3 Nxe4 5.d4 d5 6.Bd3 Nc6 7.O-O Be7 8.Nbd2 Bf5
9.Re1 Nxd2 10.Qxd2 Bxd3 11.Qxd3 O-O 12.Bf4 Bd6 13.Bg3 Bxg3 14.hxg3 Qd7 15.Re3 Rfe8
16.Rae1 Rxe3 17.Rxe3 Rb8 18.Qe2 h6 19.c3 Kf8 20.Kh2 a6 21.Qc2 Kg8 22.Nh4 g6
23.f4 Qg4 24.Nf3 Qd7 25.f5 Qxf5 26.Qxf5 gxf5 27.Nh4 Kg7 28.Nxf5+ Kf6 29.Rf3 Kg6
30.Nh4+ Kg7 31.Nf5+ Kg6 32.g4 Rh8 33.Nh4+ Kg7 34.Nf5+ Kg6 35.Kg3 Re8 36.Nh4+ Kg7
37.Nf5+ Kg6 38.Nh4+ Kg7 39.Rf5 Ne7 40.Re5 f6 41.Rxe7+ Rxe7 42.Nf5+ Kf8 43.Nxe7 Kxe7
44.Kf4 Ke6 45.a4 b6 46.b3 c6 47.b4 a5 48.Kf3 Kd6 49.bxa5 bxa5 50.Kg3 Ke7
51.Kf4 Ke6 52.Kf3 Ke7 53.Kf4 Ke6 54.Ke3 Kf7 55.Kf3 Ke7  1/2-1/2

[Event "79th Tata Steel GpA"]
[Site "Wijk aan Zee NED"]
[Date "2017.01.15"]
[Round "2.6"]
[White "Aronian,L"]
[Black "Wei Yi"]
[Result "1/2-1/2"]
[WhiteElo "2780"]
[BlackElo "2706"]

1.Nf3 d5 2.d4 Nf6 3.c4 e6 4.g3 Bb4+ 5.Bd2 Be7 6.Bg2 O-O 7.O-O Nbd7 8.a4 a5
9.Qc2 c6 10.Rc1 Ne4 11.Be3 f5 12.Nc3 Bd6 13.Rd1 Qe7 14.Rac1 Ndf6 15.Ne5 Bxe5
16.dxe5 Ng4 17.Bd4 c5 18.Nxe4 dxe4 19.Bc3 Ra6 20.h3 Nh6 21.Qd2 Nf7 22.f3 exf3
23.exf3 b6 24.f4 Ra7 25.b3 Rd7 26.Qe2 Bb7 27.Rxd7 Qxd7 28.Rd1 Qe7 29.Bxb7 Qxb7
30.Kf2 Rd8 31.Rxd8+ Nxd8 32.Qd3 Nf7 33.g4 Nh6 34.g5 Nf7 35.h4 g6  1/2-1/2

[Event "79th Tata Steel GpA"]
[Site "Wijk aan Zee NED"]
[Date "2017.01.16"]
[Round "3.3"]
[White "Wei Yi"]
[Black "Nepomniachtchi,I"]
[Result "1-0"]
[WhiteElo "2706"]
[BlackElo "2767"]

1.e4 c5 2.Nf3 d6 3.d4 cxd4 4.Nxd4 Nf6 5.Nc3 a6 6.Bg5 e6 7.f4 h6 8.Bh4 Qb6
9.a3 Nbd7 10.Be2 e5 11.Nf5 g6 12.Bf2 Nc5 13.b4 gxf5 14.O-O Nfxe4 15.Nxe4 fxe4
16.bxc5 dxc5 17.fxe5 Be6 18.Rb1 Qc6 19.Bg4 b5 20.Bh4 Rg8 21.Bxe6 Qxe6 22.Rf6 Qg4
23.Qd2 Be7 24.Rf4 Qd7 25.Qxd7+ Kxd7 26.e6+ fxe6 27.Rf7 Rg5 28.Rd1+ Ke8 29.Rh7 b4
30.a4 c4 31.Bxg5 hxg5 32.Rh8+ Bf8 33.Rf1 Ke7 34.Rh7+ Kd6 35.Rh8 Ke7 36.Rh7+ Kd6
37.Rhf7 Bh6 38.Rd1+ Ke5 39.Rc7 c3 40.Kf2 g4 41.Rc5+ Kf6 42.Ke2 Rb8 43.Rb1 Rd8
44.Rf1+ Ke7 45.Rc7+ Kd6 46.Rc4 Ke7 47.Rd1 Rb8 48.Rdd4 b3 49.cxb3 Rxb3 50.Rc7+ Kf6
51.Rxe4 Rb2+ 52.Kd3 Rd2+ 53.Kxc3 Kf5 54.Re1 Rxg2 55.Rc5+ Kf6 56.Re4 Rxh2
57.Rxg4 a5 58.Kd3 Rd2+ 59.Ke4 Re2+ 60.Kf3 Re3+ 61.Kf2 Re5 62.Rg6+ Kxg6 63.Rxe5 Bd2
64.Rxe6+ Kf7 65.Re4 Kf6 66.Ke2 Bc3 67.Rc4 Be5 68.Rc5 Ke6 69.Rxa5 Bc7 70.Rb5 Kd6
71.Kd3 Kc6 72.Kc4 Bb6 73.a5 Ba7 74.a6 Bb6 75.Rb3  1-0

[Event "79th Tata Steel GpA"]
[Site "Wijk aan Zee NED"]
[Date "2017.01.17"]
[Round "4.1"]
[White "Carlsen,M"]
[Black "Wei Yi"]
[Result "1-0"]
[WhiteElo "2840"]
[BlackElo "2706"]

1.e4 e5 2.Bc4 Nf6 3.d3 c6 4.Nf3 d6 5.O-O Be7 6.Bb3 O-O 7.c3 Nbd7 8.Re1 Nc5
9.Bc2 Bg4 10.Nbd2 Ne6 11.h3 Bh5 12.Nf1 Nd7 13.g4 Bg6 14.Ng3 Ng5 15.Bxg5 Bxg5
16.d4 Bf4 17.Ne2 Qf6 18.Kg2 exd4 19.Nfxd4 Rfe8 20.Nxf4 Qxf4 21.f3 Nb6 22.Qc1 Qxc1
23.Raxc1 d5 24.e5 Nd7 25.f4 Bxc2 26.Rxc2 Nc5 27.Re3 Rad8 28.Kf3 Ne4 29.b4 g5
30.c4 c5 31.Nb5 gxf4 32.Kxf4 cxb4 33.cxd5  1-0

[Event "79th Tata Steel GpA"]
[Site "Wijk aan Zee NED"]
[Date "2017.01.19"]
[Round "5.2"]
[White "Wei Yi"]
[Black "Giri,A"]
[Result "1/2-1/2"]
[WhiteElo "2706"]
[BlackElo "2773"]

1.e4 c6 2.d4 d5 3.Nd2 dxe4 4.Nxe4 Bf5 5.Ng3 Bg6 6.h4 h6 7.Nf3 e6 8.Ne5 Bh7
9.Bd3 Bxd3 10.Qxd3 Nd7 11.f4 Be7 12.Bd2 Nxe5 13.fxe5 Bxh4 14.O-O-O Bxg3 15.Qxg3 Ne7
16.Bb4 Nf5 17.Qf4 g5 18.Qf2 g4 19.c4 Qb6 20.Bc5 Qa6 21.b3 g3 22.Qd2 O-O-O
23.Kb2 b6 24.Bd6 Nxd6 25.exd6 Rxd6 26.Qf4 Rd7 27.d5 cxd5 28.cxd5 exd5 29.Qg4 Qb7
30.Qf4 Qb8 31.Qf6 Kb7 32.Rxd5 Rxd5 33.Qxf7+ Kc6 34.Rc1+ Rc5 35.Qf3+ Kb5 36.Qd3+ Ka5
37.Qd4 Ka6 38.Qa4+ Ra5 39.Qc4+ Rb5 40.Qa4+ Ra5 41.Qc4+ Rb5 42.Qa4+ Kb7 43.Qe4+ Ka6  1/2-1/2

[Event "79th Tata Steel GpA"]
[Site "Wijk aan Zee NED"]
[Date "2017.01.21"]
[Round "7.3"]
[White "Wei Yi"]
[Black "Van Wely,L"]
[Result "1-0"]
[WhiteElo "2706"]
[BlackElo "2695"]

1.e4 c5 2.Nf3 d6 3.d4 cxd4 4.Nxd4 Nf6 5.Nc3 a6 6.Bg5 Nbd7 7.Bc4 Qb6 8.O-O Qc5
9.Bd5 e6 10.Re1 Be7 11.Be3 Qa5 12.Bxe6 fxe6 13.Nxe6 Nc5 14.b4 Qxb4 15.Nc7+ Kd8
16.N3d5 Nxd5 17.Nxd5 Qa3 18.Nb6 Rb8 19.Nc4 Qb4 20.Nxd6 Nd3 21.Qxd3 Qxd6 22.Qxd6+ Bxd6
23.Rad1 Kc7 24.Rxd6 Kxd6 25.Bf4+ Ke6 26.Bxb8 Bd7 27.Ba7 Rc8 28.Rc1 Rc4 29.f3 Ra4
30.Ra1 Rc4 31.c3 b5 32.a3 a5 33.Bb6 Ra4 34.Bd4 g6 35.Kf2 g5 36.Ke3 Bc6 37.Kd2 h5
38.Kc2 b4 39.cxb4 axb4 40.axb4 Rxb4 41.Kc3 Ra4 42.Rxa4 Bxa4 43.g3 h4 44.f4 gxf4
45.gxf4 h3 46.Kd2 Kd6 47.Ke3 Bc2 48.f5 Kc6 49.Kf4 Bd3 50.Bb2 Bc2 51.e5 Kd5
52.Kg5 Bd3 53.e6  1-0

[Event "79th Tata Steel GpA"]
[Site "Wijk aan Zee NED"]
[Date "2017.01.22"]
[Round "8.4"]
[White "Harikrishna,P"]
[Black "Wei Yi"]
[Result "1/2-1/2"]
[WhiteElo "2766"]
[BlackElo "2706"]

1.e4 e5 2.Nf3 Nf6 3.d4 Nxe4 4.dxe5 d5 5.Nbd2 Nc5 6.Be2 Be7 7.O-O O-O 8.Re1 Nc6
9.Nf1 f6 10.exf6 Bxf6 11.Ng3 Qd6 12.c3 Be6 13.Ng5 Bd7 14.Bf3 Ne7 15.Be3 Ne6
16.Nxe6 Bxe6 17.Qe2 Bf7 18.Rad1 Rfe8 19.Qb5 a6 20.Qa4 b5 21.Qc2 Qc6 22.Nh5 Be5
23.Nf4 Rad8 24.Nd3 Bf6 25.Bf4 Ng6 26.Bg3 Rxe1+ 27.Rxe1 Qb6  1/2-1/2

[Event "79th Tata Steel GpA"]
[Site "Wijk aan Zee NED"]
[Date "2017.01.24"]
[Round "9.7"]
[White "Wei Yi"]
[Black "Adhiban,Baskaran"]
[Result "1/2-1/2"]
[WhiteElo "2706"]
[BlackElo "2653"]

1.Nf3 Nf6 2.c4 g6 3.Nc3 Bg7 4.d4 O-O 5.e4 d6 6.h3 Na6 7.Be3 c6 8.Rc1 Nc7
9.Be2 b5 10.e5 dxe5 11.dxe5 Nd7 12.cxb5 cxb5 13.O-O Bb7 14.Nxb5 Nd5 15.e6 fxe6
16.Qb3 Ne5 17.Nxe5 Bxe5 18.Bg4 Kh8 19.Bd4 Bf6 20.Bxf6+ Rxf6 21.Nc7 Rb8 22.Nxe6 Qg8
23.Nc5 Ba6 24.Be6 Rxb3 25.Bxg8 Kxg8 26.Nxb3 Bxf1 27.Kxf1 Nb4 28.Rc7 Nd3 29.Ke2 Nf4+
30.Kf1 Nd3 31.Rd7 Nxb2 32.Rxa7 Nd3 33.f3 Re6 34.Kg1 Nf4 35.Rd7 Ne2+ 36.Kf2 Nc3
37.Rd2 Ra6 38.Nc1 Kf7 39.Ke3 Ke6 40.Kd4 Nb5+ 41.Kc5 Nd6 42.Nb3 Kd7 43.Kb4 Rb6+
44.Kc3 Rc6+ 45.Kb2 Kc7 46.Nd4 Rb6+ 47.Kc3 e5 48.Ne6+ Kc6 49.Kd3 Ra6 50.Rc2+ Kb6
51.Nd8 Kb5 52.Rb2+ Kc5 53.Ne6+ Kc6 54.Rc2+ Kb6 55.Kc3 Ra3+ 56.Kb4 Rd3 57.Nf8 Rd4+
58.Kb3 Nf5 59.Kc3 Ne3 60.Re2 Nd5+ 61.Kc2 Rc4+ 62.Kb3 Rc3+ 63.Kb2 Rc7 64.Rd2 Rb7
65.Ne6 Kc6+ 66.Kc1 Ra7 67.Ng5 Nf6 68.Re2 Kd5 69.Kb2 Rb7+ 70.Kc2 Ra7 71.Kb2 Rb7+
72.Ka1 Rb4 73.a3 Rd4 74.Kb2 Rd3 75.a4 h6 76.Nf7 e4 77.fxe4+ Nxe4 78.Nxh6 Rd4
79.a5 Ra4 80.Ng8 Kd4 81.Ne7 Kd3 82.Rc2 Rxa5 83.Nxg6 Ra2+ 84.Kxa2 Kxc2 85.h4 Nf6
86.Ne5 Kc3 87.Kb1 Kd4 88.Nf3+ Ke3 89.Kc2 Kf2 90.Kd3 Kxg2 91.Nd2 Kg3 92.Ne4+ Kxh4  1/2-1/2

[Event "79th Tata Steel GpA"]
[Site "Wijk aan Zee NED"]
[Date "2017.01.25"]
[Round "10.5"]
[White "Eljanov,P"]
[Black "Wei Yi"]
[Result "1/2-1/2"]
[WhiteElo "2755"]
[BlackElo "2706"]

1.Nf3 d5 2.e3 Nf6 3.c4 e6 4.b3 c5 5.Bb2 Nc6 6.cxd5 exd5 7.Bb5 Bd6 8.O-O O-O
9.d4 cxd4 10.Nxd4 Bc7 11.Nd2 Nxd4 12.Bxd4 Qd6 13.g3 Bh3 14.Re1 Rac8 15.Bf1 Bg4
16.Be2 Bf5 17.Bb2 Qe7 18.a3 Bb6 19.Ra2 Ne4 20.Nxe4 dxe4 21.Qa1 Rc2 22.Bc3 Rxa2
23.Qxa2 Rd8 24.Qb2 Qg5 25.h4 Qg6 26.Be5 Bg4 27.Qc2 Bxe2 28.Rxe2 Qf5 29.Bf4 h6
30.Rd2 Rd3 31.Rd1 g5 32.hxg5 hxg5 33.Bb8 Kh7 34.Qe2 Kg6 35.b4 Qd7 36.Rc1 Rd2
37.Qe1 Qd3 38.a4 Re2 39.Qc3 Rxe3 40.fxe3 Bxe3+ 41.Kh1 Bxc1 42.Qxc1 e3 43.Bxa7 e2
44.Qe1 Kh5 45.b5 Kg4 46.Kh2 Qh7+ 47.Kg1 Qd3 48.Bb6 f5 49.Ba5 b6 50.Bxb6 f4
51.gxf4 gxf4 52.Bc5 Qc4 53.Bb6 Qd3 54.Bc5 Qc4 55.Bb6 Qd3  1/2-1/2

[Event "79th Tata Steel GpA"]
[Site "Wijk aan Zee NED"]
[Date "2017.01.28"]
[Round "12.5"]
[White "So,W"]
[Black "Wei Yi"]
[Result "1/2-1/2"]
[WhiteElo "2808"]
[BlackElo "2706"]

1.Nf3 d5 2.d4 Nf6 3.c4 e6 4.Nc3 c5 5.cxd5 cxd4 6.Qxd4 exd5 7.e4 Nc6 8.Bb5 dxe4
9.Qxd8+ Kxd8 10.Ng5 Be6 11.Bxc6 bxc6 12.Nxe6+ fxe6 13.Ke2 Bb4 14.Na4 Kc7
15.Bf4+ Bd6 16.Be3 Nd5 17.Rac1 Rhf8 18.Nc5 Bxc5 19.Rxc5 Nf4+ 20.Bxf4+ Rxf4
21.Ke3 Raf8 22.Rc2 Rg4 23.g3 Rf3+ 24.Ke2 Rg6 25.Rhc1 Rgf6 26.Rxc6+ Kd7 27.Rc7+ Kd6
28.R1c6+ Kd5 29.Rc5+ Kd6 30.R7c6+ Kd7 31.Rc7+ Kd6 32.R7c6+  1/2-1/2

[Event "79th Tata Steel GpA"]
[Site "Wijk aan Zee NED"]
[Date "2017.01.29"]
[Round "13.4"]
[White "Wei Yi"]
[Black "Wojtaszek,R"]
[Result "0-1"]
[WhiteElo "2706"]
[BlackElo "2750"]

1.e4 e5 2.Nf3 Nc6 3.Bb5 a6 4.Ba4 Nf6 5.O-O Be7 6.Re1 b5 7.Bb3 O-O 8.a4 b4
9.d4 d6 10.dxe5 dxe5 11.Nbd2 Bc5 12.Qe2 Qe7 13.h3 h6 14.a5 Rd8 15.Bc4 Nd4
16.Nxd4 Bxd4 17.Nb3 Be6 18.Nxd4 Bxc4 19.Nf5 Qe6 20.Qe3 Ne8 21.Qc5 Nd6 22.Qxb4 Bb5
23.Ng3 c5 24.Qc3 Rac8 25.f4 Bc6 26.f5 Qe7 27.Kh2 Nb5 28.Qf3 f6 29.Qf2 Nd4
30.Ra3 Be8 31.Nf1 Kf8 32.Rg3 Qb7 33.Rc3 Bb5 34.Ng3 Be8 35.Nh1 c4 36.Qh4 Qf7
37.Qf2 Ba4 38.Rd1 Qd7 39.Rf1 Qb7 40.Ng3 Nb5 41.Re3 Nd4 42.Nh5 Be8 43.Qh4 Bxh5
44.Qxh5 Qf7 45.Qh4 Nxc2 46.Rg3 Ke7 47.Rg6 Rd3 48.Qg4 Kf8 49.Qh5 Ke7 50.Qg4 Kf8
51.Qh5 Ke7 52.Rf3 Nd4 53.Rxd3 cxd3 54.Bd2 Ne2 55.Qf3 Rd8 56.Qf2 Rd4 57.Be3 Rd7
58.Bd2 Rd4 59.Be3 Kf8 60.Qe1 Rxe4 61.Qd2 Rxe3 62.Qxe3 Qd7 63.Qb6 Nf4 64.Rg3 d2
65.Qb8+ Kf7 66.Qb3+ Qd5 67.Qd1 e4 68.Qg4 g5 69.fxg6+ Kg7 70.Rc3 Qd6  0-1

[Event "2nd CHN-IND Summit 2017"]
[Site "Liaocheng CHN"]
[Date "2017.03.05"]
[Round "1.2"]
[White "Sethuraman,S"]
[Black "Wei Yi"]
[Result "1/2-1/2"]
[WhiteElo "2629"]
[BlackElo "2725"]

1.e4 e5 2.Nf3 Nc6 3.Bb5 a6 4.Ba4 Nf6 5.O-O Be7 6.Re1 b5 7.Bb3 O-O 8.a3 d6
9.h3 Na5 10.Ba2 c5 11.Nc3 Be6 12.Nd5 Nxd5 13.exd5 Bd7 14.d3 Kh8 15.b4 Nb7
16.Be3 Rc8 17.Qe2 Re8 18.Rad1 a5 19.Qd2 axb4 20.axb4 cxb4 21.Qxb4 Rxc2 22.Bb1 Rc8
23.d4 exd4 24.Bxd4 Bf6 25.Rxe8+ Bxe8 26.Bd3 Nc5 27.Bxf6 Qxf6 28.Bxb5 Rb8
29.Re1 Qd8 30.Ng5 Qxg5 31.Rxe8+ Rxe8 32.Bxe8 Kg8 33.Bc6 Qd8 34.Qd4 Qe7 35.g3 Qe2
36.Qg4 Qe1+ 37.Kg2 g6 38.Bb5 Qe5 39.Qf3 Ne4 40.Bc6 Nc3 41.Qd3 Kg7 42.Kf1 g5
43.Kg2 f5 44.f4 gxf4 45.gxf4 Qf6 46.Kf3 Ne4 47.Bd7 h5 48.h4 Qxh4 49.Bxf5 Qh1+
50.Ke3 Qe1+ 51.Kf3 Qh1+ 52.Ke3 Nf6 53.Be6 Qg1+ 54.Kf3 Qh1+ 55.Ke3 Qg1+ 56.Kf3 h4
57.Qf5 Qf1+ 58.Ke3 Qe1+ 59.Kf3 Qc3+ 60.Kg2 Qg3+ 61.Kh1 Qf3+ 62.Kg1 Qe3+ 63.Kg2 Qg3+
64.Kh1 Qf3+ 65.Kg1 Qh5 66.Qd3 Qh6 67.Qf5 Qh5 68.Qd3 Qh6 69.Qf5 Kf8 70.Kh2 Qg7
71.Qh3 Qh6 72.Qf5 Qg7 73.Qh3 Qh7 74.Qc3 Qg6 75.Kh3 Nh5 76.Qf3 Qh6 77.Kxh4 Qxf4+  1/2-1/2

[Event "2nd CHN-IND Summit 2017"]
[Site "Liaocheng CHN"]
[Date "2017.03.06"]
[Round "2.1"]
[White "Wei Yi"]
[Black "Ganguly,S"]
[Result "1/2-1/2"]
[WhiteElo "2725"]
[BlackElo "2644"]

1.e4 e5 2.Nf3 Nc6 3.d4 exd4 4.Nxd4 Nf6 5.Nxc6 bxc6 6.e5 Qe7 7.Qe2 Nd5 8.Nd2 g6
9.c4 Ba6 10.Nf3 Nb6 11.b3 Bg7 12.Bg5 Qa3 13.Bc1 Qe7 14.Bg5 Qa3 15.Qd2 d6
16.Bf6 Bxf6 17.exf6 O-O-O 18.Be2 Rhe8 19.O-O d5 20.Ng5 dxc4 21.Qf4 Nd5 22.Qg4+ Rd7
23.Bxc4 Nxf6 24.Qf3 Bxc4 25.Qxc6 Bd5 26.Qxf6 h6 27.Nf3 Qd6 28.Qc3 Qc6 29.Qxc6 Bxc6
30.Rfd1 Bxf3 31.gxf3 Re2 32.Rxd7 Kxd7 33.Rd1+ Kc6 34.Rc1+ Kb6 35.a3 a5 36.Rc3 Ra2
37.a4 Rd2 38.Rc4 c5 39.Re4 Rd3 40.Re8 Rxf3 41.Rb8+ Kc6 42.Rb5 Kd5 43.Kg2 Rc3
44.h4 Kd4 45.f3 Ke3 46.Rxa5 Kf4 47.Ra6 f5 48.Rxg6 Rxb3 49.Rxh6 Rb2+ 50.Kh3 Kxf3
51.Rc6 Rb1 52.Kh2 Rb2+ 53.Kh3 Rb1 54.Kh2 Kg4 55.Rxc5 f4 56.Rc3 Rb2+ 57.Kg1 Rb1+
58.Kg2 Rb2+ 59.Kg1 Rb1+  1/2-1/2

[Event "2nd CHN-IND Summit 2017"]
[Site "Liaocheng CHN"]
[Date "2017.03.07"]
[Round "3.3"]
[White "Wei Yi"]
[Black "Karthikeyan,M2"]
[Result "1-0"]
[WhiteElo "2725"]
[BlackElo "2578"]

1.e4 c5 2.Nf3 e6 3.Nc3 a6 4.Be2 Nc6 5.d4 cxd4 6.Nxd4 Qc7 7.O-O Nf6 8.Be3 Bb4
9.Nxc6 bxc6 10.Qd4 c5 11.Qc4 O-O 12.Na4 d6 13.a3 Bd7 14.e5 Bb5 15.Qh4 dxe5
16.axb4 Bxe2 17.Rfe1 Bb5 18.Nxc5 Nd7 19.c4 Bc6 20.Nxa6 Qb7 21.Qg3 f5 22.Nc5 Qxb4
23.Nxe6 Rf7 24.Rxa8+ Bxa8 25.Ra1 Bc6 26.Bh6 Qxb2 27.Rf1 e4 28.Nd8 Rf8 29.Nxc6 Qf6
30.Qc7 Nc5 31.Ne7+  1-0

[Event "2nd CHN-IND Summit 2017"]
[Site "Liaocheng CHN"]
[Date "2017.03.08"]
[Round "4.3"]
[White "Gupta,Ab"]
[Black "Wei Yi"]
[Result "0-1"]
[WhiteElo "2627"]
[BlackElo "2725"]

1.d4 Nf6 2.c4 e6 3.Nc3 Bb4 4.e3 O-O 5.Ne2 Re8 6.a3 Bf8 7.Ng3 d5 8.Be2 b6
9.cxd5 exd5 10.b4 Bb7 11.O-O Nbd7 12.Qb3 c6 13.Bf3 a6 14.Rd1 b5 15.e4 Nb6
16.e5 Nfd7 17.Bg4 a5 18.Rb1 Nc4 19.Nce2 axb4 20.axb4 Bc8 21.h3 Ndb6 22.Qf3 f6
23.Bh5 g6 24.exf6 Ra7 25.Bg5 Rf7 26.Bxg6 hxg6 27.Nf4 Rxf6 28.Qd3 Qd6 29.Bxf6 Qxf6
30.Nxg6 Bd6 31.Re1 Bd7 32.f4 Nb2 33.Rxe8+ Bxe8 34.Rxb2 Bxg6 35.f5 Bf7 36.Rb3 Qg5
37.Qf3 Qc1+ 38.Nf1 Nc4 39.Qg4+ Kf8 40.Qh4 Ke8 41.Rf3 Nd2 42.Re3+ Ne4 43.Qh8+ Kd7
44.Qh7 Ke8 45.f6 Qb2 46.Qf5 Kd8 47.Rd3 Bg6 48.Qf3 Ng5 49.Qe3 Bxd3 50.Qxg5 Qxd4+
51.Kh1 Qf2  0-1

[Event "7th HD Bank Cup 2017"]
[Site "Ho Chi Minh City VIE"]
[Date "2017.03.12"]
[Round "1.1"]
[White "Wei Yi"]
[Black "Tu Hoang Thong"]
[Result "1-0"]
[WhiteElo "2725"]
[BlackElo "2392"]

1.e4 c5 2.Nf3 Nc6 3.Nc3 d6 4.d4 cxd4 5.Nxd4 Nf6 6.Bc4 Bd7 7.O-O Rc8 8.Bb3 g6
9.Nxc6 Bxc6 10.Nd5 Bg7 11.Bg5 Bxd5 12.exd5 Ne4 13.Ba4+ Kf8 14.Bc1 h5 15.c3 h4
16.Be3 Rh5 17.Bb3 Qa5 18.Qg4 f5 19.Qxg6 Nf6 20.Bg5 Rh8 21.Qxf5 Rc7 22.Rfe1 h3
23.Bxf6 Bxf6 24.Rxe7 Rh6 25.Re6 Rf7 26.Qf4 Kg7 27.Qg3+ Rg6 28.Qxh3 Qc5 29.Bc2 Rh6
30.Qg3+ Kf8 31.Rae1  1-0

[Event "7th HD Bank Cup 2017"]
[Site "Ho Chi Minh City VIE"]
[Date "2017.03.12"]
[Round "2.1"]
[White "Diu,V"]
[Black "Wei Yi"]
[Result "1-0"]
[WhiteElo "2421"]
[BlackElo "2725"]

1.d4 Nf6 2.c4 e6 3.Nf3 d5 4.Nc3 c6 5.Bg5 h6 6.Bh4 dxc4 7.e4 g5 8.Bg3 b5 9.Be2 Bb7
10.O-O a6 11.Ne5 b4 12.Na4 h5 13.f4 h4 14.fxg5 Nxe4 15.Bf4 Bg7 16.Bxc4 O-O
17.g6 fxg6 18.Bxe6+ Kh7 19.Qg4  1-0

[Event "7th HD Bank Cup 2017"]
[Site "Ho Chi Minh City VIE"]
[Date "2017.03.13"]
[Round "3.19"]
[White "Wei Yi"]
[Black "Le Huu Thai"]
[Result "1-0"]
[WhiteElo "2725"]
[BlackElo "2167"]

1.e4 e5 2.Nf3 Nc6 3.Nc3 Nf6 4.Bb5 Bc5 5.Nxe5 Qe7 6.Nf3 Nxe4 7.O-O Nxc3 8.bxc3 O-O
9.d4 Bb6 10.Re1 Qd8 11.Ng5 d6 12.Bd3 g6 13.Nxh7  1-0

[Event "7th HD Bank Cup 2017"]
[Site "Ho Chi Minh City VIE"]
[Date "2017.03.16"]
[Round "8.1"]
[White "Le Quang Liem"]
[Black "Wei Yi"]
[Result "1/2-1/2"]
[WhiteElo "2712"]
[BlackElo "2725"]

1.d4 Nf6 2.c4 e6 3.Nc3 Bb4 4.e3 c5 5.Bd3 O-O 6.Ne2 cxd4 7.exd4 d5 8.cxd5 Nxd5
9.O-O Nc6 10.Nxd5 exd5 11.Nf4 Bd6 12.Re1 Qf6 13.Nxd5 Qxd4 14.Be3 Qg4 15.h3 Qxd1
16.Raxd1 Be6 17.Be4 Rad8 18.a3 Bb8 19.f4 Rfe8 20.Kf2 Bxh3 21.Bxh7+ Kxh7 22.Rh1 f5
23.Rxh3+ Kg6 24.Rhh1 Kf7 25.Kf3  1/2-1/2

[Event "7th HD Bank Cup 2017"]
[Site "Ho Chi Minh City VIE"]
[Date "2017.03.17"]
[Round "9.1"]
[White "Wei Yi"]
[Black "Bu Xiangzhi"]
[Result "1/2-1/2"]
[WhiteElo "2725"]
[BlackElo "2711"]

1.e4 e5 2.Nf3 d6 3.Bc4 Be7 4.d3 Nf6 5.O-O O-O 6.Re1 Nc6 7.a4 Bg4 8.h3 Bh5
9.Nbd2 Nd4 10.g4 Nxf3+ 11.Qxf3 Bg6 12.Qg3 d5 13.exd5 Nxd5 14.Nf3 f6 15.Nxe5 fxe5
16.Qxe5 Bf7 17.Bxd5 Bxd5 18.Qxe7 Rf3 19.Qxd8+ Rxd8 20.Re5 Rxh3 21.Rh5  1/2-1/2